000
00331nam a2200133Ia 4500
008
240624s9999 xx 000 0 und d
041
_a
eng
082
_a
658.4012 GAR
100
_a
GARG VINOD KUMAR
245
_a
ERPWARE ERP IMPLEMENTATION FRAMEWORK
260
_c
2002
_a
New Delhi
_b
Prentice-Hall
300
_a
ix, : 106
365
_c
RS
999
_c
324
_d
324